Obras completas
Gorde:
| Egile nagusia: | |
|---|---|
| Formatua: | Liburua |
| Hizkuntza: | gaztelania |
| Argitaratua: |
Madrid
Biblioteca de Autores Cristianos
1948
|
| Gaiak: | |
| Etiketak: |
Etiketa erantsi
Etiketarik gabe, Izan zaitez lehena erregistro honi etiketa jartzen!
|
MARC
| LEADER | 00000cam a2200000 a 4500 | ||
|---|---|---|---|
| 001 | UCL5324 | ||
| 003 | CL-VaPUC | ||
| 008 | 040312e19480000SP |||||||||||||||||spa|d | ||
| 082 | 0 | 4 | |a 210 |b BAL |2 21 |
| 100 | 0 | |a Balmes Urpiá, Jaime Luciano |e author |9 483042 | |
| 245 | 1 | 0 | |a Obras completas |
| 300 | |a v | ||
| 942 | |c BK | ||
| 945 | |d 20040312 00:00:00 |a rbrito | ||
| 260 | |a Madrid |b Biblioteca de Autores Cristianos |c 1948 | ||
| 500 | |a v.1: Biografía y epistolario | ||
| 500 | |a v.2: Filosofía fundamental | ||
| 500 | |a v.3: Filosofía elemental | ||
| 500 | |a v.4: El protestantismo comparado con el catolicismo | ||
| 500 | |a v5: Estudios apologeticos cartas a un esceptico estudios sociales del clero católico de Cataluña | ||
| 500 | |a v.6: Escritos políticos | ||
| 500 | |a v.7: Escritos politicos | ||
| 500 | |a v.8: Biografías-micelaneas, primeros escritos-poesías-indices | ||
| 650 | 0 | |a Filosofía de la religión |9 256017 | |
| 650 | 0 | |a Cristianismo |9 257361 | |
| 650 | 0 | |a Protestantismo |9 317293 | |
| 650 | 0 | |a Apologética |9 269349 | |
| 650 | 0 | |a Biografías |9 255210 | |
| 650 | 0 | |a Ética |9 255099 | |
| 650 | 0 | |a Lógica |9 256849 | |
| 650 | 0 | |a Estética |9 264950 | |
| 650 | 0 | |a Historia de la filosofía |9 256920 | |
| 650 | 7 | |a MATRIMONIO |2 CL-VaPUC |9 483044 | |
| 583 | |a last modification |c 20190725 04:09:46 |k Rodrigo Vera | ||
| 999 | |c 307934 |d 307932 | ||
| 952 | |0 0 |1 0 |4 0 |6 210_000000000000000_BAL_1948 |7 0 |8 A |9 374114 |a BIBTEO |b BIBTEO |d 2019-11-21 |h v.2 |i 2088363 |o 210 BAL 1948 |p 2088363 |r 2025-01-17 |w 2019-11-21 |y BK |k ICR | ||
| 952 | |0 0 |1 0 |4 0 |6 210_000000000000000_BAL_1948 |7 0 |8 A |9 374115 |a BIBTEO |b BIBTEO |d 2019-11-21 |h v.3 |i 2088371 |o 210 BAL 1948 |p 2088371 |r 2025-01-17 |w 2019-11-21 |y BK |k ICR | ||
| 952 | |0 0 |1 0 |4 0 |6 210_000000000000000_BAL_1948 |7 0 |8 A |9 374116 |a BIBTEO |b BIBTEO |d 2019-11-21 |h v.4 |i 208838K |o 210 BAL 1948 |p 208838K |r 2025-01-17 |w 2019-11-21 |y BK |k ICR | ||
| 952 | |0 0 |1 0 |4 0 |6 210_000000000000000_BAL_1948 |7 0 |8 A |9 374117 |a BIBTEO |b BIBTEO |d 2019-11-21 |h v.5 |i 2088398 |o 210 BAL 1948 |p 2088398 |r 2025-01-17 |w 2019-11-21 |y BK |k ICR | ||
| 952 | |0 0 |1 0 |4 0 |6 210_000000000000000_BAL_1948 |7 0 |8 A |9 374118 |a BIBTEO |b BIBTEO |d 2019-11-21 |h v.6 |i 2088401 |o 210 BAL 1948 |p 2088401 |r 2025-01-17 |w 2019-11-21 |y BK |k ICR | ||
| 952 | |0 0 |1 0 |4 0 |6 210_000000000000000_BAL_1948 |7 0 |8 A |9 374119 |a BIBTEO |b BIBTEO |d 2019-11-21 |h v.7 |i 208841K |o 210 BAL 1948 |p 208841K |r 2025-01-17 |w 2019-11-21 |y BK |k ICR | ||
| 952 | |0 0 |1 0 |4 0 |6 210_000000000000000_BAL_1948 |7 0 |8 A |9 374120 |a BIBTEO |b BIBTEO |d 2019-11-21 |h v.8 |i 2088428 |o 210 BAL 1948 |p 2088428 |r 2025-01-17 |w 2019-11-21 |y BK |k ICR | ||
| 952 | |0 0 |1 0 |4 0 |6 210_000000000000000_BAL_1948 |7 0 |8 A |9 374121 |a BIBTEO |b BIBTEO |d 2019-11-21 |h v.1 |i 2106671 |o 210 BAL 1948 |p 2106671 |r 2025-01-17 |w 2019-11-21 |y BK |k ICR | ||
| 952 | |0 0 |1 0 |3 erd |4 0 |6 210_000000000000000_BAL_1948 |7 0 |8 A |9 374122 |a BIBTEO |b BIBTEO |e Rehbein Pesce, Antonio, -2014 |h v.4 |i 5185661 |o 210 BAL 1948 |p 5185661 |r 2025-01-17 |w 2019-11-21 |y BK |z Catalogado en:20150728 |k ICR | ||